00659nam a2200217 a 4500001001300000003000900013005001700022008004100039020001000080082001700090100002100107245008100128260003100209300000900240500003500249505001000284902000800294942000700302952011700309999001500426nice12345678IN_TiNIC20260116011802.0050524s1945 laha grp 000 0 urd  ac10000a922.97bAZA6 aAzad, Abul Kalam aAfkar-E-Azadb Hazrat Maulana Abul Kalam Azad Ke Achchute Khiyalat Ka Muraqq aLahorebMaktaba Azadc1945 a195p aincludes index and biblioraphy2 aNotes bSRS cBK 001040708StackRoom-aHMIbHMId2007-06-06g100.00l0o922.97 AZA6p08571r2007-06-06v100.00w2005-05-24yBK c3955d3955